000 00617nam a2200205Ia 4500
001 16762
003 GE_BSU
008 181216s||||||||xx |||||||||||||| ||und||
040 _cGE_BSU
080 _a821.353.1-1
100 _aგომიაშვილი, ალექსანდრე
245 _aრჩეული ლექსები
245 _cრედ.რ.გვეტაძე
260 _aთბილისი
260 _bსაბჭოთა მწერალი
260 _c1950
300 _a135გვ. ; 18სმ
653 _aრჩეული ლექსები
942 _cBK
999 _c49827
_d49827